000 01233cam a22003497a 4500
003 CHAP
005 20220329134806.0
008 971013s r 00010 d
010 _a25993
011 _a26965
035 _a31066
040 _cCHAP
082 _a338.1
_bI58
110 _aInternational Marketing Institute
_959747
245 1 3 _aLa viabilidad de producción combinada de maíz leche y cerdos en el Estado de Jalisco
_b: presupuesto tentativo de inversiones
260 _a(s.l. :
_bs.e.),
_c(s.a.)
300 _a11 p.
_b; apénd. ; mapas
590 _aBATCH-UPD
_b10
_c20130110
_lUCH01
_h1721
590 _aBATCH-UPD
_b10
_c20130410
_lUCH01
_h1104
590 _aBATCH-UPD
_b10
_c20130914
_lUCH01
_h1146
590 _aCONVERSION
_b10
_c20130109
_lUCH01
_h1315
650 1 4 _aAgricultura
_xAspectos economicos
_xJalisco.
_91263
650 1 4 _aDesarrollo de la comunidad rural.
_931995
650 1 4 _aGanado porcino
_xMercadeo.
_945383
650 1 4 _aLeche
_xProducción.
_965400
650 1 4 _aMaíz
_xMercadeo.
_971007
650 1 4 _aPolítica agrícola
_xJalisco.
_990330
650 1 4 _aProductos agrícolas
_xMercadeo.
_991951
901 _aBK
942 _cLIBRO
949 _a338.1 I58
_bBC
_cBPA
_d-71959
_eBPA
_h12819
_i31066
_mD
_si
999 _c25993
_d25993